Feminism and politics

Saved in:
Bibliographic Details
Other Authors: Phillips, Anne, 1950- (Editor)
Format: Book
Language:English
Published: Oxford : Oxford University Press, 1998
Series:Oxford readings in feminism
Subjects:
Tags: Add Tag
No Tags, Be the first to tag this record!

MARC

LEADER 00000cam a2200000 i 4500
001 1/4150
008 100203s1998 eng d
020 |a 0-19-878205-5 (pbk.) 
035 |l 10106632 
040 |a GR-MY-UA  |b gre  |e aacr 
041 0 |a eng 
082 0 |a 305.42  |2 (22) 
245 1 0 |a Feminism and politics /  |c edited by Anne Phillips 
260 |a Oxford :   |b Oxford University Press,   |c 1998 
300 |a ix, 471 σ.;  |c 22 εκ. 
490 1 |a Oxford readings in feminism 
504 |a Περιέχει βιβλιογραφικές παραπομπές και ευρετήριο 
650 0 0 |a Feminism  |x Political aspects. 
650 0 0 |a Women  |x Political activity. 
650 0 0 |a Women's rights. 
700 1 |a Phillips, Anne,   |d 1950-  |4 edt 
830 0 |a Oxford readings in feminism 
852 |a INST  |b LESVOS  |e 20100203  |h 305.42 FEM  |p 005100045795  |q 005100045795  |t BK  |y 0 
901 |a BIBL1-2010-1 
909 |a Λ  |b 161745 
970 |a ΓΙΑΛΑΜΑ  |b ΜΑΡΙΑ  |z 2010/02/03